00749 a2200205 4500003000500000005001700005010001700022020001500039040000900054082001500063100002300078245008900101250001200190260005300202300003600255505016700291650002500458700003000483700003000513Nust20221014151943.0 a 2001036826 a8178088045 cNust00a005.74,HOF1 aHoffer, Jeffrey A.10aModern database management /cJeffrey A. Hoffer, Mary B. Prescott, Fred R. McFadden. a6th ed. aUpper Saddle River, NJ :bPrentice Hall,cc2002. axxxiv, 638 p. :bill. ;c29 cm. aThe Context Database Management (Page-3), Database Analysis (Page-75), Database Design (Page-165), Implementation (Page-257), Advanced Database Topics (Page-447). 0aDatabase management.1 aMcFadden, Fred R.,d1933-1 aMcFadden, Fred R.,d1933-